000 00473nam a2200193Ia 4500
008 090124s9999 xx 000 0 und d
020 _a81-7992-232-4
082 _b47042
100 _aSHARMA ROBIN S.
245 _aWHO WILL CRY WHEN YOU DIE ?
250 _a1
260 _c2008
300 _a225
600 _aSHARMA ROBIN S.
630 _aWHO WILL CRY WHEN YOU DIE ?
700 _aSHARMA ROBIN S.
730 _aWHO WILL CRY WHEN YOU DIE ?
942 _cBOOK
999 _c113262
_d113262